000 01018nas a2200337 4500
001 BR0504468
003 BR-BrBNA
005 20231205105740.0
007 ta
008 230509b bl.|||p| |||| 00| 00por d
040 _aBR-BrBNA
_bpor
_cBiblioteca Nacional de Agricultura
041 _a(Pt)
072 _aF01; L01
100 1 _aDifante, G. dos S.
100 1 _aMarchezan, E.
100 1 _aRocha, M.G. da
100 1 _aSegabinazzi, T.
100 1 _aVilla, S.C.C.
100 1 _aMichelon, S.
245 1 _aProdução de forragem e rentabilidade da recria de novilhos de corte em áreas de várzea
650 _aGADO DE CORTE
650 _aAZEVÉM
650 _aFORRAGEM
650 _aSUPLEMENTAÇÃO ENERGÉTICO
650 _aRECRIA
650 _aADUBAÇÃO DE COBERTURA
650 _aPRODUÇÃO VEGETAL
773 0 _tRevista Brasileira de Zootecnia (Brazil)
_xISSN 1516-3598
_g(Mar-Apr 2005), v. 34(2) p. 433-441
_wBR0504468
909 _a202311
_bLúcia
_c55
_dLúcia Elande
942 _2AGRIS
_n0
_cANA
999 _c184478
_d184478